| 000 | 00772 a2200193 4500 | ||
|---|---|---|---|
| 020 | _a0767411919 | ||
| 035 | _a(InU)CAH3139BB | ||
| 040 |
_aDLC _bDLC |
||
| 082 | 0 | 0 | _a792/.025 |
| 100 | 1 | _aGillette, J. Michael. | |
| 245 | 1 | 0 |
_aTheatrical design and production : an introduction to scene design and construction, lighting, sound, costume, and makeup _ban introduction to scene design and construction, lighting, sound, costume, and makeup _cJ. Michael Gillette. |
| 250 | _a4th ed. | ||
| 260 |
_aMountain View, CA : _bMayfield Pub., _cc2000. |
||
| 300 |
_axiv, 587 p. : _bill., photos (some col.) ; _c29 cm. |
||
| 650 | 0 | _aStage management. | |
| 650 | 0 |
_aTheater _xProduction and direction. |
|
| 650 | 0 |
_aTheaters _xStage-setting and scenery. |
|
| 942 |
_cBK _k792.025 GIL _2ddc |
||
| 999 |
_c5063 _d5063 |
||